000 00830nam a2200229 i 4500
003 IT-RoINE
005 20190920100507.0
008 861210s1980 it ae|||r 00||| it |d
040 _cIT-RoINE
_dIT-RoINE
100 1 _aTestini, Pasquale
_945448
245 1 0 _aArcheologia cristiana :
_bnozioni generali dalle origini alla fine del sec. VI. : propedeutica, topografia cimiteriale, epigrafia, edifici di culto /
_cP. Testini.
250 _a2ª ed. con aggiunta di indice analitico e appendice bibliografica
260 _aBari :
_bEdipuglia,
_c1980.
300 _aXVIII, 840 p. :
_bil. ;
_c24 cm.
336 _2rdacontent
_atext
337 _2rdamedia
_aunmediated
338 _2rdacarrier
_avolume
500 _aIncluye índice.
504 _aIncluye bibliografía.
650 4 _938260
_a Antigüedades cristianas
942 _cMTS
999 _c23016
_d23016